000 00701nam a22002057a 4500
003 URS
005 20260414105520.0
008 260407b |||||||| |||| 00| 0 eng d
020 _a9798888361030
040 _c URS
050 _aGT 3405
_b .Sco832 2023
100 _aScott, Luka.
245 _a A Complete step by step guide to successful event planning, organizing, and management /
_cLuka Scott.
264 _aNew York, NY :
_bLarsen and Keller Education,
_c©2023.
300 _aviii, 233 pages :
_billustrations ;
_c27 cm.
504 _aIncludes bibliographical references.
650 _aSpecial events --
_vPlanning.
650 _a New business enterprises --
_vmanagement.
942 _2lcc
_cFR
999 _c99798
_d99795